El desarrollo sostenible, el trabajo decente y los empleos verdes Quinto punto del orden del dia.

Bibliographic Details
Corporate Authors: International Labour Conference, ProQuest (Firm)
Format: Electronic Conference Proceeding eBook
Language:Spanish
Published: Ginebra [Switzerland] : Oficina Internacional del Trabajo, 2013.
Edition:1. ed.
Series:Informe, 5
Subjects:
Online Access:Click to View
LEADER 01402nam a2200361 a 4500
001 EBC1318463
003 MiAaPQ
005 20200520144314.0
006 m o d |
007 cr cn|||||||||
008 130729s2013 sz abd sb 100 0 spa d
020 |z 9789223268671 
020 |a 9789223268688 (electronic bk.) 
035 |a (MiAaPQ)EBC1318463 
035 |a (Au-PeEL)EBL1318463 
035 |a (CaPaEBR)ebr10734897 
035 |a (OCoLC)854976290 
040 |a MiAaPQ  |c MiAaPQ  |d MiAaPQ 
050 4 |a HC79.E5  |b C66 2013 
111 2 |a International Labour Conference  |n (102nd :  |d 2013) 
245 1 3 |a El desarrollo sostenible, el trabajo decente y los empleos verdes  |h [electronic resource] :  |b Quinto punto del orden del dia. 
250 |a 1. ed. 
260 |a Ginebra [Switzerland] :  |b Oficina Internacional del Trabajo,  |c 2013. 
300 |a xxi, 121 p. :  |b ill., maps. 
490 0 |a Informe,  |x 0251-3226 ;  |v 5 
500 |a "ILC.102/V"--T.p. verso. 
504 |a Includes bibliographical references. 
533 |a Electronic reproduction. Ann Arbor, MI : ProQuest, 2015. Available via World Wide Web. Access may be limited to ProQuest affiliated libraries. 
650 0 |a Sustainable development. 
650 0 |a Clean energy industries. 
655 4 |a Electronic books. 
710 2 |a ProQuest (Firm) 
856 4 0 |u https://ebookcentral.proquest.com/lib/matrademy/detail.action?docID=1318463  |z Click to View